000 01174nam1a22002891i 4500
001 rc\4385291
005 20240724144024.0
035 _a(NLR Aleph) 008550363
090 _a8402489
_c8402489
100 _a20130416d1965 |||y0rusy50 ca
101 0 _arus
102 _aRU
105 _a z |||||
200 1 _aГидравлика и гидропривод
_e[Учеб. пособие]
_eРаздел 1-
_fМ-во высш. и сред. спец. образования РСФСР. Моск. ин-т радиоэлектроники и горной электромеханики
210 _aМосква
_cБ. и.
_d1965
215 _d22
300 _aПеред загл. авт.: П.В. Коваль, И.Л. Пастоев, В.Ф. Замышляев, А.В. Астахов
606 _aГидравлика
_2psbo
606 _aГидравлические природы
_2psbo
701 1 _aЗамышляев
_bВ.Ф.
701 1 _aАстахов
_bА.В.
701 1 _aПастоев
_bИ.Л.
701 1 _aКоваль
_bП.В.
_gПетр Васильевич
801 0 _aRU
_bNLR
_gpsbo
801 1 _aRU
_bELAR
_2rusmarc
852 _aNLR
_j65-6/11700
942 _cBOOK